000 00514nam a2200205Ia 4500
005 20250526120133.0
008 131103s9999 xx 000 0 und d
040 _aLoreto College
041 _aEnglish
082 _a900
_bTRE
100 _aTrevelyan, G.M.
245 _aIllustrated english social history
_cG.M.Trevelyan
260 _aHarmondsworth
_bPenguin
_c1964
300 _aV.2
_b ill.
504 _aIncludes index
650 _aHistory
651 _aSocial history
850 _aLCBED
942 _cBK
999 _c28680
_d79159